Conan Gray - Footnote - All lyrics - Statistics

General Stats
  • This quiz has been taken 31 times
  • The average score is 289 of 296
Answer Stats
Answer % Correct
A
100%
a
100%
(A
100%
and
100%
And
100%
are
100%
at
100%
be
100%
being
100%
body
100%
bought
100%
But
100%
but
100%
characters
100%
clear,
100%
could
100%
couple,
100%
cute
100%
do
100%
do)
100%
drunk
100%
embarrassed
100%
end
100%
Every
100%
footnote
100%
For
100%
for
100%
friendship
100%
host
100%
I
100%
I'll
100%
I'm
100%
in
100%
isn't
100%
It's
100%
it's
100%
just
100%
lesson,
100%
lie?
100%
life
100%
like
100%
liked
100%
line
100%
love
100%
me
100%
(Me)
100%
my
100%
never
100%
no
100%
novels,
100%
one
100%
our
100%
party
100%
Please,
100%
pretentious,
100%
Pride
100%
restaurant,
100%
said
100%
said,
100%
see
100%
sees
100%
side
100%
so
100%
So
100%
Sober
100%
some
100%
stop
100%
take
100%
taught
100%
that
100%
That
100%
the
100%
They
100%
they
100%
think
100%
To
100%
told
100%
too
100%
true
100%
up
100%
us
100%
was
100%
We
100%
we're
100%
We're
100%
what
100%
why
100%
will
100%
With
100%
would
100%
You
100%
you
100%
you,
100%
your
100%
all
93%
alone
93%
booze
93%
cause
93%
change
93%
conversation,
93%
else
93%
everyone
93%
feelings
93%
felt
93%
help?
93%
how
93%
I'd
93%
If
93%
if
93%
loathing
93%
maybe
93%
not
93%
Oh,
93%
pleased
93%
precious
93%
Prejudice
93%
waited,
93%
won't
93%
write
93%
ate
86%
reckless
86%
say,
86%
shared
86%
tense
86%
weren't
86%
don't
79%
forget
79%
Forget
79%
laughed
79%
patience
79%
perfect
79%
someone
79%
together
71%
Moscato
57%
No matching quizzes found
Score Distribution
Percent of People with Each Score
Percentile by Number Answered
Your Score History
You have not taken this quiz